Deltarune - All Songs with the Queen Motif - Statistics

General Stats
  • This quiz has been taken 4 times
  • The average score is 8 of 10
Answer Stats
Answer % Correct
A Simple Diversion
100%
Attack of the Killer Queen
100%
Giga Size
100%
Knock You Down !!
100%
Knock You Down!! (Rythmn Ver.)
100%
Queen
100%
Pandora Palace
75%
Cool Mixtape
50%
Elegant Entrance
50%
Smart Race
50%
No matching quizzes found
Score Distribution
Percent of People with Each Score
Percentile by Number Answered
Your Score History
You have not taken this quiz